| 000 | 00629cab a22001935a 4500 | ||
|---|---|---|---|
| 001 | L157339 | ||
| 008 | 121025e20120203xxkd f 000 0 eng d | ||
| 035 | _a(Sirsi) u157339 | ||
| 041 | 0 | _aeng | |
| 100 | 1 | _aMoone, Brian | |
| 245 | 0 | 0 |
_aLead times _bJuly-September 2012 |
| 260 | _c2012 | ||
| 490 | 0 |
_aBuilding _v277 (8749) 19 October 2012, 50-51(2) |
|
| 520 | _aList of products all staying level, lead times summary, and a graph of product and lead time in weeks. Data captured and analysed by Mace Business School. | ||
| 590 | _aKA | ||
| 651 | 4 |
_aUnited Kingdom _y |
|
| 690 |
_aConstruction management _96230 |
||
| 942 | _n0 | ||
| 999 |
_c84335 _d84335 |
||